[Event "16eme open Louviers"]
[Site "?"]
[Date "2013.05.09"]
[Round "3"]
[White "Roche, Jan-Francois"]
[Black "Berrou, Andre"]
[Result "0-1"]
[WhiteElo "1610"]
[BlackElo "1794"]
[PlyCount "98"]
[EventDate "2012.05.13"]
[SourceDate "2013.05.15"]

1. Nf3 f5 2. b3 Nf6 3. Bb2 e6 4. c4 d5 5. Nc3 c6 6. e3 Bd6 7. cxd5 exd5 8. Qc2
O-O 9. Bd3 Ne4 10. Rf1 Nd7 11. O-O-O Qe7 12. Nb1 Ndc5 13. Bxe4 fxe4 14. Ne1 Bf5
15. Bd4 Nd3+ 16. Nxd3 exd3 17. Qb2 c5 18. Bc3 b5 19. Bxg7 Qxg7 20. Qxg7+ Kxg7
21. Nc3 b4 22. Nxd5 Be4 23. Nf4 Bxf4 24. exf4 Rxf4 25. Rde1 Re8 26. g3 Rff8 27.
Re3 Bg2 28. Rfe1 Rxe3 29. Rxe3 Rxf2 30. Rxd3 Bh3 31. Rd5 Rf5 32. Rd7+ Rf7 33.
Rd5 Rc7 34. d3 Kf6 35. Kd2 Ke6 36. Rh5 Bf5 37. Ke3 Bg6 38. Rg5 Kd6 39. h4 Re7+
40. Kd2 Re5 41. Rg4 Rd5 42. Ke3 Rxd3+ 43. Kf4 Rd4+ 44. Kg5 h6+ 45. Kxg6 Rxg4+
46. Kxh6 Ke6 47. Kh7 Rxg3 48. h5 Kf7 49. h6 Rh3 0-1

[Event "16eme open Louviers"]
[Site "?"]
[Date "2013.05.09"]
[Round "3"]
[White "Jolly, Hugo"]
[Black "Houriez, Philippe"]
[Result "1/2-1/2"]
[WhiteElo "1520"]
[BlackElo "1616"]
[PlyCount "44"]
[EventDate "2012.05.13"]
[SourceDate "2013.05.15"]

1. e4 e5 2. Nf3 Nc6 3. Bc4 h6 4. O-O Nf6 5. Nc3 a6 6. a4 Bc5 7. d3 Nd4 8. Nxe5
O-O 9. Nf3 c6 10. Nxd4 Bxd4 11. Ne2 Be5 12. d4 Bc7 13. e5 Nh7 14. Qd3 d6 15.
Qg3 g5 16. f4 dxe5 17. dxe5 Qe7 18. b3 Be6 19. Bd3 f5 20. Kh1 Bb6 21. Bd2 Rad8
22. b4 c5 1/2-1/2

[Event "16eme open Louviers"]
[Site "?"]
[Date "2013.05.09"]
[Round "3"]
[White "Jolly, Arthur"]
[Black "Bonte, Gerard"]
[Result "1-0"]
[WhiteElo "1440"]
[BlackElo "1420"]
[PlyCount "57"]
[EventDate "2012.05.13"]
[SourceDate "2013.05.15"]

1. c4 Nf6 2. Nc3 Nc6 3. g3 g6 4. Bg2 Bg7 5. e3 Rb8 6. Qa4 a6 7. Nge2 O-O 8. O-O
e6 9. d4 d5 10. cxd5 exd5 11. Nf4 b5 12. Qb3 Na5 13. Qd1 c6 14. Bd2 Nc4 15. b3
Nd6 16. Rb1 Bf5 17. Rb2 Re8 18. a4 Nde4 19. Bxe4 Nxe4 20. axb5 axb5 21. Nxe4
Rxe4 22. Qc1 Qd6 23. Nd3 Re6 24. Nc5 Re7 25. Na6 Ra8 26. Bb4 Qd7 27. Bxe7 Qxe7
28. Qxc6 Bd7 29. Qxa8+ 1-0

[Event "16eme open Louviers"]
[Site "?"]
[Date "2013.05.09"]
[Round "3"]
[White "Rousselin, Marc"]
[Black "Voegele, Francois-Marie"]
[Result "1-0"]
[WhiteElo "1626"]
[BlackElo "1090"]
[PlyCount "57"]
[EventDate "2012.05.13"]
[SourceDate "2013.05.15"]

1. e4 c5 2. Nf3 d6 3. d4 cxd4 4. Nxd4 Bd7 5. c4 e6 6. Nc3 Be7 7. Be3 Nf6 8. Be2
O-O 9. O-O Nc6 10. f4 Re8 11. Qd2 Rc8 12. Ndb5 a6 13. Nxd6 Bxd6 14. Qxd6 Rb8
15. e5 Bc8 16. Qxd8 Rxd8 17. exf6 gxf6 18. Rfd1 Bd7 19. Bb6 Rf8 20. Rxd7 Kh8
21. Bf3 Rbc8 22. Rad1 Kg7 23. c5 Rce8 24. Rxb7 Nb4 25. c6 Rg8 26. Rdd7 Nxc6 27.
Bxc6 Rc8 28. Rxf7+ Kh6 29. Rxh7+ 1-0

[Event "16eme open Louviers"]
[Site "?"]
[Date "2013.05.09"]
[Round "3"]
[White "Varigault, Nicole"]
[Black "Vieren-Hamelet, Richard"]
[Result "0-1"]
[WhiteElo "1190"]
[BlackElo "1080"]
[PlyCount "105"]
[EventDate "2012.05.13"]
[SourceDate "2013.05.15"]

1. e4 e5 2. Nf3 Nc6 3. Nc3 Nf6 4. Bc4 Bb4 5. d3 O-O 6. O-O Re8 7. Nd5 d6 8.
Nxb4 Nxb4 9. a3 Nc6 10. c3 h6 11. b4 a6 12. a4 Be6 13. Bb3 d5 14. Be3 d4 15.
cxd4 exd4 16. Bf4 Nxb4 17. e5 Nfd5 18. Bg3 c5 19. Rc1 Rc8 20. Bh4 f6 21. exf6
Nxf6 22. Ne5 Qd6 23. Bxe6+ Qxe6 24. Nc4 Qf5 25. Nd6 Qf4 26. Bg3 Qg4 27. Nxe8
Rxe8 28. h3 Qf5 29. Qf3 Qxd3 30. Qxd3 Nxd3 31. Rb1 Nb4 32. Bd6 b6 33. Bc7 Nfd5
34. Bd6 Nc3 35. Ra1 a5 36. Bc7 Nbd5 37. Bd6 c4 38. g3 d3 39. Bf4 Nxf4 40. gxf4
Nd5 41. Rac1 c3 42. Kg2 d2 43. Rcd1 Nb4 44. f3 Rd8 45. Rf2 c2 46. Rdf1 d1=Q 47.
Rxc2 Qxc2+ 48. Rf2 Qg6+ 49. Kh2 Nd3 50. Rg2 Qf5 51. Rg4 Rd4 52. Kg3 Nxf4 53. h4
0-1

[Event "16eme open Louviers"]
[Site "?"]
[Date "2013.05.09"]
[Round "4"]
[White "Blondel, Jerome"]
[Black "Dhieux, Francky"]
[Result "1/2-1/2"]
[WhiteElo "1936"]
[BlackElo "1948"]
[PlyCount "31"]
[EventDate "2012.05.13"]
[SourceDate "2013.05.15"]

1. Nf3 Nf6 2. c4 g6 3. Nc3 Bg7 4. g3 c5 5. Bg2 Nc6 6. O-O O-O 7. d4 cxd4 8.
Nxd4 a6 9. Rb1 Ne5 10. Qa4 Qc7 11. b3 d6 12. Ndb5 Qb8 13. Nd4 Qc7 14. Ndb5 Qb8
15. Nd4 Qc7 16. Ndb5 1/2-1/2

[Event "16eme open Louviers"]
[Site "?"]
[Date "2013.05.09"]
[Round "4"]
[White "Guillaumat, Jean-Pierre"]
[Black "Chalmeton, Guillaume"]
[Result "1/2-1/2"]
[WhiteElo "1848"]
[BlackElo "2077"]
[PlyCount "62"]
[EventDate "2012.05.13"]
[SourceDate "2013.05.15"]

1. d4 g6 2. Nf3 d5 3. c4 Nf6 4. Nc3 Bg7 5. cxd5 Nxd5 6. e4 Nxc3 7. bxc3 c5 8.
Bb5+ Bd7 9. Bxd7+ Nxd7 10. O-O O-O 11. Rb1 e5 12. dxe5 Nxe5 13. Rxb7 Qc8 14.
Rb1 Rd8 15. Qe2 Qg4 16. h3 Qh5 17. Bf4 Nd3 18. Be3 c4 19. Nd4 Qh4 20. Qg4 Qxg4
21. hxg4 Re8 22. f3 a6 23. Rb6 Re5 24. Rfb1 h5 25. Rb8+ Rxb8 26. Rxb8+ Kh7 27.
gxh5 Rxh5 28. Rb7 Kg8 29. Rb8+ Kh7 30. Rb7 Kg8 31. Rb8+ Kh7 1/2-1/2

[Event "16eme open Louviers"]
[Site "?"]
[Date "2013.05.09"]
[Round "4"]
[White "Berrou, Andre"]
[Black "Vigneron, Frederic"]
[Result "0-1"]
[WhiteElo "1794"]
[BlackElo "1923"]
[PlyCount "64"]
[EventDate "2012.05.13"]
[SourceDate "2013.05.17"]

1. e4 c5 2. Nf3 Nc6 3. d4 cxd4 4. Nxd4 Nf6 5. Nc3 e5 6. Ndb5 d6 7. Bg5 a6 8.
Bxf6 gxf6 9. Na3 b5 10. Nd5 Bg7 11. c3 O-O 12. Bd3 Be6 13. Ne3 Ne7 14. Nf5 Bxf5
15. exf5 d5 16. f3 Qd7 17. g4 Rfe8 18. O-O Bh6 19. Qe1 Kh8 20. Kh1 Bg5 21. Rg1
Kg7 22. h4 Bf4 23. g5 Nxf5 24. gxf6+ Kxf6 25. Bxf5 Qxf5 26. Qf1 Rg8 27. Rd1
Rxg1+ 28. Kxg1 Rg8+ 29. Kf2 e4 30. fxe4 dxe4 31. Ke2 Rg3 32. Qf2 Qg4+ 0-1

[Event "16eme open Louviers"]
[Site "?"]
[Date "2013.05.09"]
[Round "4"]
[White "Andrieu, Philippe"]
[Black "Arinal, Serge"]
[Result "1-0"]
[WhiteElo "1898"]
[BlackElo "1636"]
[PlyCount "124"]
[EventDate "2012.05.13"]
[SourceDate "2013.05.17"]

1. c4 Nf6 2. Nf3 e6 3. Nc3 Bb4 4. g3 b6 5. Bg2 Bb7 6. O-O O-O 7. Re1 d6 8. Qc2
Bxc3 9. Qxc3 Nbd7 10. d3 Re8 11. b3 e5 12. Bb2 Rb8 13. Rac1 Nc5 14. e4 Bc8 15.
Ba3 Ne6 16. d4 exd4 17. Nxd4 Nxd4 18. Qxd4 Ng4 19. Bb2 Ne5 20. f4 c5 21. Qc3 f6
22. fxe5 dxe5 23. Rcd1 Qe7 24. Qd3 Bg4 25. Bf3 Rbd8 26. Qe2 Rxd1 27. Rxd1 Bxf3
28. Qxf3 Qb7 29. Qd3 Qc8 30. Qd5+ Kf8 31. Rf1 Qb8 32. Rd1 Qc8 33. Qd7 Qa8 34.
Qd6+ Re7 35. Rd5 Kf7 36. b4 cxb4 37. Qxb4 Qb7 38. Ba3 Rd7 39. Qf8+ Kg6 40. Qe8+
Rf7 41. Qe6 Rc7 42. Rxe5 h6 43. h4 Qc8 44. Qf5+ Qxf5 45. exf5+ Kh5 46. Re4 Rd7
47. Kg2 g6 48. fxg6 Kxg6 49. Kf3 Rd3+ 50. Re3 Rd4 51. Rc3 h5 52. Bc1 Rd1 53.
Bf4 Rd4 54. Ke3 Rd1 55. Rd3 Rc1 56. Kd4 Rc2 57. a3 Re2 58. Kd5 Rc2 59. Rd4 Rc3
60. Bd6 Rf3 61. Kc6 Rb3 62. Kb7 a6 1-0

[Event "16eme open Louviers"]
[Site "?"]
[Date "2013.05.09"]
[Round "4"]
[White "Jolly, Arthur"]
[Black "Jolly, Hugo"]
[Result "1/2-1/2"]
[WhiteElo "1440"]
[BlackElo "1520"]
[PlyCount "116"]
[EventDate "2012.05.13"]
[SourceDate "2013.05.17"]

1. c4 d5 2. d4 e6 3. Nc3 Nf6 4. Bg5 Nbd7 5. e3 Bb4 6. Qb3 Bxc3+ 7. Qxc3 h6 8.
Bxf6 Nxf6 9. Bd3 b6 10. cxd5 exd5 11. Rc1 O-O 12. Qxc7 Qxc7 13. Rxc7 Be6 14.
Nf3 Ne4 15. b3 Rfc8 16. Rxc8+ Rxc8 17. O-O f6 18. h3 a5 19. Rb1 Rc3 20. Bxe4
dxe4 21. Nd2 f5 22. Nc4 Bxc4 23. bxc4 Rxc4 24. Rxb6 Rc2 25. Rb5 Rxa2 26. Rxf5
a4 27. Ra5 a3 28. d5 Kf7 29. Ra4 Ra1+ 30. Kh2 a2 31. Kg3 g5 32. Ra7+ Ke8 33. d6
Rd1 34. Rxa2 Rxd6 35. Ra4 Re6 36. Kg4 Kf7 37. Ra7+ Kg6 38. h4 h5+ 39. Kg3 g4
40. Ra5 Rf6 41. Re5 Rf7 42. Rxe4 Rf6 43. Rf4 Rd6 44. f3 gxf3 45. gxf3 Rd3 46.
e4 Re3 47. Kf2 Rb3 48. e5 Rb6 49. Ke3 Rb3+ 50. Kd2 Rb6 51. Kc3 Ra6 52. Kb4 Re6
53. Kc4 Rxe5 54. Kd4 Ra5 55. Ke3 Re5+ 56. Re4 Ra5 57. f4 Kf5 58. Rd4 Ra3+
1/2-1/2

[Event "16eme open Louviers"]
[Site "?"]
[Date "2013.05.09"]
[Round "4"]
[White "Blondel, Jean-Michel"]
[Black "Deheij, Gerrit"]
[Result "0-1"]
[WhiteElo "1541"]
[BlackElo "1720"]
[PlyCount "70"]
[EventDate "2012.05.13"]
[SourceDate "2013.05.17"]

1. e4 e5 2. Nf3 Nf6 3. d3 Be7 4. Nxe5 d6 5. Nf3 O-O 6. Be2 c5 7. O-O Nc6 8. Nc3
a6 9. d4 b5 10. dxc5 dxc5 11. Qxd8 Rxd8 12. e5 Ne8 13. Re1 Bf5 14. Bd1 Nc7 15.
Bg5 Rd7 16. Bxe7 Rxe7 17. Ne4 Bxe4 18. Rxe4 Rae8 19. Kf1 Nxe5 20. Nxe5 f6 21.
f4 fxe5 22. f5 Rf8 23. g4 g6 24. f6 Rxf6+ 25. Kg2 Rf4 26. Re3 Nd5 27. Rd3 Rd4
28. Ra3 Rf7 29. Rxa6 Ne3+ 30. Kg3 Nxd1 31. Ra5 Rb7 32. c3 Rd3+ 33. Kh4 Kg7 34.
a4 Nf2 35. axb5 Rh3+ 0-1

[Event "16eme open Louviers"]
[Site "?"]
[Date "2013.05.09"]
[Round "4"]
[White "Grenet, Dominique"]
[Black "Rousselin, Marc"]
[Result "0-1"]
[WhiteElo "1489"]
[BlackElo "1626"]
[PlyCount "82"]
[EventDate "2012.05.13"]
[SourceDate "2013.05.17"]

1. e4 c5 2. Nf3 d6 3. c3 Nf6 4. Bd3 Nc6 5. O-O e6 6. Qc2 Be7 7. Bb5 Bd7 8. Be2
Rc8 9. d3 O-O 10. Be3 e5 11. Qd2 a6 12. c4 Nd4 13. Nxd4 cxd4 14. Bg5 b5 15. b3
bxc4 16. bxc4 Qb6 17. Na3 Qc5 18. Nc2 Rb8 19. Rab1 a5 20. Rfc1 Rfc8 21. Na1 a4
22. h4 Bd8 23. g3 Ba5 24. Qd1 Qa3 25. Bxf6 gxf6 26. Qc2 Bc3 27. Bd1 Bb2 28. Qd2
Bxc1 29. Rxc1 Qb2 30. Bc2 Qxa2 31. Qd1 Rb2 32. g4 Rcb8 33. g5 fxg5 34. hxg5 Qa3
35. Kg2 Qb4 36. Kg3 a3 37. Bb3 Rxb3 38. Nc2 Qa5 39. Na1 Rb2 40. f4 Qd2 41. Qf1
Qe3+ 0-1

[Event "16eme open Louviers"]
[Site "?"]
[Date "2013.05.09"]
[Round "4"]
[White "Houriez, Philippe"]
[Black "Roche, Jan-Francois"]
[Result "1/2-1/2"]
[WhiteElo "1616"]
[BlackElo "1610"]
[PlyCount "49"]
[EventDate "2012.05.13"]
[SourceDate "2013.05.17"]

1. c4 f5 2. Nc3 Nf6 3. g3 g6 4. Bg2 Bg7 5. Nf3 O-O 6. O-O d6 7. d3 e5 8. Bg5 h6
9. Bxf6 Bxf6 10. Qd2 Bg7 11. e3 Be6 12. b3 Nd7 13. Rac1 c6 14. Ne1 Nf6 15. f4
exf4 16. exf4 d5 17. cxd5 Nxd5 18. Nxd5 Bxd5 19. Nf3 Qb6+ 20. Kh1 Rad8 21. Ne5
Bxg2+ 22. Kxg2 Bxe5 23. fxe5 Qd4 24. Qxh6 Qxe5 25. Qxg6+ 1/2-1/2

[Event "16eme open Louviers"]
[Site "?"]
[Date "2013.05.09"]
[Round "4"]
[White "Vieren-Hamelet, Richard"]
[Black "Pineau, Patrick"]
[Result "0-1"]
[WhiteElo "1080"]
[BlackElo "1317"]
[PlyCount "74"]
[EventDate "2012.05.13"]
[SourceDate "2013.05.17"]

1. Nf3 c5 2. c4 d6 3. d4 cxd4 4. Nxd4 Nf6 5. f3 Nc6 6. e3 e5 7. Nb3 Bd7 8. Nc3
Rc8 9. Bd3 Be7 10. O-O O-O 11. a3 a6 12. Nd5 Nxd5 13. cxd5 Na7 14. e4 Ba4 15.
Be3 Nb5 16. Bxb5 Bxb5 17. Rf2 f5 18. Rc1 fxe4 19. fxe4 Rxf2 20. Bxf2 Bc4 21.
Nd2 b5 22. b3 Bd3 23. b4 Rxc1 24. Qxc1 Be2 25. Nb3 Bg5 26. Qc6 h5 27. h3 h4 28.
Qxa6 Bc4 29. Na5 Bd3 30. Nb7 Qf6 31. Qa8+ Kh7 32. Qc8 Bxe4 33. Qg4 Bxd5 34.
Nxd6 Qg6 35. Nxb5 Qb1+ 36. Kh2 Bf4+ 37. g3 Qh1# 0-1

[Event "16eme open Louviers"]
[Site "?"]
[Date "2013.05.09"]
[Round "4"]
[White "Bonte, Gerard"]
[Black "VArigault, Nicole"]
[Result "1-0"]
[WhiteElo "1420"]
[BlackElo "1190"]
[PlyCount "119"]
[EventDate "2012.05.13"]
[SourceDate "2013.05.18"]

1. c4 Nf6 2. Nc3 e6 3. d4 Bb4 4. Bd2 Nc6 5. e3 O-O 6. Qc2 d6 7. a3 Bxc3 8. Bxc3
Ne7 9. Ne2 Ng6 10. g3 b6 11. Bg2 Rb8 12. O-O Bb7 13. f3 a5 14. e4 c5 15. d5 e5
16. Bd2 h6 17. f4 h5 18. h3 Qe8 19. f5 Nh8 20. Bf3 Bc8 21. g4 hxg4 22. hxg4 g6
23. g5 Nh5 24. Bxh5 gxh5 25. Rf2 Rb7 26. Rh2 f6 27. g6 Rg7 28. Bh6 Qe7 29. Bxg7
Qxg7 30. Rxh5 Nxg6 31. Rh3 Nf4+ 32. Rg3 Nxe2+ 33. Qxe2 Qxg3+ 34. Qg2 Qxg2+ 35.
Kxg2 Kf7 36. Rh1 Rg8+ 37. Kf3 Ba6 38. b3 b5 39. cxb5 Bxb5 40. a4 Bd3 41. Rh2
Rb8 42. Rh7+ Kg8 43. Rd7 Rb6 44. Ra7 Bc2 45. Rxa5 Bxb3 46. Ra7 c4 47. a5 Rb5
48. a6 c3 49. Ke3 c2 50. Kd2 Rc5 51. Kc1 Rc4 52. Rb7 Ba4 53. a7 Rc8 54. Rb8 Bd7
55. Rxc8+ Bxc8 56. a8=Q Kg7 57. Qxc8 Kh6 58. Kxc2 Kg5 59. Qg8+ Kf4 60. Kd3 1-0

[Event "16eme open Louviers"]
[Site "?"]
[Date "2013.05.10"]
[Round "5"]
[White "Blondel, Jerome"]
[Black "Boizante, Yvain"]
[Result "1/2-1/2"]
[WhiteElo "1936"]
[BlackElo "2201"]
[PlyCount "71"]
[EventDate "2012.05.13"]
[SourceDate "2013.05.18"]

1. Nf3 d5 2. d4 Nf6 3. e3 Bf5 4. Bd3 Bxd3 5. cxd3 c6 6. O-O Qb6 7. Nc3 e6 8.
Bd2 Be7 9. Qc2 O-O 10. Rfc1 a5 11. Na4 Qc7 12. Qb3 Nbd7 13. Ne5 Nxe5 14. dxe5
Nd7 15. d4 Kh8 16. Qc2 b5 17. Nc3 Qb6 18. Ne2 c5 19. e4 cxd4 20. Qc7 Qa7 21.
Qxa7 Rxa7 22. Nxd4 Nxe5 23. exd5 exd5 24. Nxb5 Rb7 25. a4 Nd3 26. Rc2 Nb4 27.
Bxb4 Bxb4 28. Rd1 Rd7 29. g3 g6 30. Rc7 Rfd8 31. Rxd7 Rxd7 32. Nd4 Rc7 33. Nb3
Rd7 34. Nd4 Rc7 35. Nb3 Rd7 36. Nd4 1/2-1/2

[Event "16eme open Louviers"]
[Site "?"]
[Date "2013.05.10"]
[Round "5"]
[White "Levesque, Thomas"]
[Black "Andrieu, Philippe"]
[Result "1/2-1/2"]
[WhiteElo "1989"]
[BlackElo "1898"]
[PlyCount "169"]
[EventDate "2012.05.13"]
[SourceDate "2013.05.18"]

1. d4 d5 2. c4 Nc6 3. Nc3 e5 4. cxd5 Nxd4 5. e3 Nf5 6. Nf3 Bd6 7. Bb5+ Bd7 8.
Qd3 a6 9. Bc4 b5 10. Bb3 Nh4 11. Nxh4 Qxh4 12. a4 b4 13. Ne4 f5 14. Nxd6+ cxd6
15. Bd2 a5 16. Rc1 Nf6 17. O-O O-O 18. Rc7 Rfc8 19. Rxc8+ Rxc8 20. Qa6 Ne4 21.
Be1 Rc1 22. Qe2 Nc5 23. Bd1 e4 24. f3 Qf6 25. fxe4 Nxe4 26. g4 Rb1 27. gxf5
Rxb2 28. Qg4 Qe5 29. Qh4 Nf6 30. Qg3 {(=)} Qxg3+ 31. Bxg3 Nxd5 32. Bf3 Nxe3 33.
Re1 Nxf5 34. Bd5+ Kf8 35. Bf2 Bxa4 36. Rf1 Bb5 37. Rc1 Ke7 38. Bb6 a4 39. h4
Ng3 40. Rc7+ Bd7 41. Bc6 Rc2 42. Rxd7+ Ke6 43. Bxa4 Rc1+ 44. Kg2 b3 45. Bd4 Ne2
46. Bxg7 Nf4+ 47. Kf3 Nd3 48. Rb7 b2 49. Bb3+ Kf5 50. Ba2 Ra1 51. Bxb2 Rxa2 52.
Bd4 Ne1+ 53. Kg3 Ra3+ 54. Kf2 Nd3+ 55. Kf1 Ke4 56. Ba7 h5 57. Re7+ Kf3 58. Re3+
Kg4 59. Re4+ Kg3 60. Be3 Ne5 61. Bd2 Rf3+ 62. Ke2 Rf2+ 63. Kd1 Kg2 64. Bg5 Ra2
65. Be7 Ra6 66. Kc2 Kf3 67. Re1 Rc6+ 68. Kb3 Nd3 69. Rg1 d5 70. Rg5 Nf4 71. Rf5
Ke4 72. Rf8 d4 73. Bg5 Ne6 74. Re8 Kf5 75. Bd2 d3 76. Rg8 Nd4+ 77. Kb4 Nf3 78.
Be3 Rd6 79. Kc3 d2 80. Bxd2 Nxd2 81. Rg5+ Kf4 82. Rxh5 Kg4 83. Rh8 Ne4+ 84. Kb4
Nf6 85. Kc5 1/2-1/2

[Event "16eme open Louviers"]
[Site "?"]
[Date "2013.05.10"]
[Round "5"]
[White "Vigneron, Frederic"]
[Black "Chalmeton, Guillaume"]
[Result "1/2-1/2"]
[WhiteElo "1923"]
[BlackElo "2077"]
[PlyCount "39"]
[EventDate "2012.05.13"]
[SourceDate "2013.05.18"]

1. d4 f5 2. e4 fxe4 3. Nc3 Nf6 4. Bg5 g6 5. Bxf6 exf6 6. Nxe4 d5 7. Nc5 Kf7 8.
Nd3 Nc6 9. c3 Bh6 10. Be2 Re8 11. h4 Qd6 12. Kf1 Kg7 13. Bf3 Bf5 14. Ne2 Re7
15. h5 Rae8 16. Ng3 Be4 17. hxg6 Bxd3+ 18. Qxd3 hxg6 19. Bh5 Re4 20. Rh4
1/2-1/2

[Event "16eme open Louviers"]
[Site "?"]
[Date "2013.05.10"]
[Round "5"]
[White "Dhieux, Francky"]
[Black "Guillaumat, Jean-Pierre"]
[Result "1/2-1/2"]
[WhiteElo "1948"]
[BlackElo "1848"]
[PlyCount "91"]
[EventDate "2012.05.13"]
[SourceDate "2013.05.18"]

1. d4 d5 2. c4 e6 3. Nc3 Nf6 4. cxd5 exd5 5. Bg5 Be7 6. e3 h6 7. Bh4 O-O 8. Bd3
Nbd7 9. Nge2 c5 10. Rc1 a6 11. a4 b6 12. O-O Bb7 13. Bb1 Ne4 14. Bxe7 Qxe7 15.
Nxe4 dxe4 16. Qb3 b5 17. dxc5 Nxc5 18. Qb4 Rac8 19. axb5 a5 20. Nc3 Qg5 21.
Nxe4 Nxe4 22. Bxe4 Bxe4 23. Qxe4 Rfe8 24. Rxc8 Rxc8 25. Qb7 Qc5 26. h4 Rc7 27.
Qa8+ Rc8 28. Qe4 Qc4 29. Qe7 Qc5 30. Qxc5 Rxc5 31. Rd1 Rc2 32. b4 Rb2 33. Rd4
Kf8 34. h5 Ke7 35. g3 Ke6 36. Kg2 Kf6 37. Rf4+ Ke7 38. Kf3 Ke6 39. Kg4 g5 40.
hxg6 fxg6 41. Kf3 h5 42. Re4+ Kf5 43. Rd4 Ke5 44. Re4+ Kf5 45. Rd4 Ke5 46. Re4+
1/2-1/2

[Event "16eme open Louviers"]
[Site "?"]
[Date "2013.05.10"]
[Round "5"]
[White "Rousselin, Marc"]
[Black "Berrou, Andre"]
[Result "1-0"]
[WhiteElo "1626"]
[BlackElo "1794"]
[PlyCount "97"]
[EventDate "2012.05.13"]
[SourceDate "2013.05.18"]

1. e4 e5 2. Nf3 Nf6 3. d4 exd4 4. e5 Nd5 5. Qxd4 c6 6. Bg5 Be7 7. Bxe7 Qxe7 8.
Nc3 Qb4 9. Qxb4 Nxb4 10. O-O-O b5 11. a3 N4a6 12. Ne4 O-O 13. Nd6 Nc5 14. Be2
a5 15. Nd4 g6 16. h4 Nba6 17. h5 g5 18. N4f5 Bb7 19. Nxb7 Nxb7 20. Rxd7 Nac5
21. Rc7 Nd8 22. Ne7+ Kg7 23. h6+ Kh8 24. Bf3 Nde6 25. Rxc6 Ra7 26. Nf5 b4 27.
axb4 axb4 28. g4 b3 29. Ne3 Rd8 30. Rd6 Rxd6 31. exd6 Nd4 32. Bd5 bxc2 33. Nxc2
Nb5 34. Rd1 Nxd6 35. b4 Ne6 36. Bxe6 fxe6 37. Rxd6 Kg8 38. Rxe6 Kf7 39. Rc6 Rb7
40. Kb2 Rb5 41. Kb3 Rb7 42. Kc4 Ke7 43. b5 Kd7 44. Kc5 Kd8 45. Nd4 Ke8 46. b6
Kd8 47. Ne6+ Ke8 48. Rc7 Rxb6 49. Nxg5 1-0

[Event "16eme open Louviers"]
[Site "?"]
[Date "2013.05.10"]
[Round "5"]
[White "Deheij, Gerrit"]
[Black "Jolly, Hugo"]
[Result "1-0"]
[WhiteElo "1720"]
[BlackElo "1520"]
[PlyCount "93"]
[EventDate "2012.05.13"]
[SourceDate "2013.05.18"]

1. e4 c5 2. Bc4 Nc6 3. Nf3 d6 4. O-O Nf6 5. Nc3 Nxe4 6. Bxf7+ Kxf7 7. Nxe4 e5
8. d3 Be7 9. c3 Rf8 10. Nfg5+ Kg8 11. Nxh7 Kxh7 12. Qh5+ Kg8 13. Bg5 Rf5 14. h4
d5 15. Rad1 Bd7 16. Ng3 Rf8 17. f4 Qe8 18. Qf3 Qf7 19. f5 Rae8 20. Rd2 Bxg5 21.
hxg5 e4 22. dxe4 dxe4 23. Nxe4 Qxf5 24. Nf6+ gxf6 25. Qxf5 Bxf5 26. Rxf5 Re5
27. Rdf2 Rxf5 28. Rxf5 fxg5 29. Rxg5+ Kf7 30. Rxc5 Ke6 31. b4 Kd6 32. Rh5 Re8
33. Rh7 Re2 34. a4 Rc2 35. Rxb7 Rxc3 36. b5 Nb4 37. Rxa7 Rc1+ 38. Kh2 Ra1 39.
g4 Nd5 40. a5 Nc7 41. b6 Nb5 42. Ra8 Kc6 43. g5 Kb7 44. Rf8 Nd6 45. Rf6 Ne4 46.
Rf7+ Kb8 47. g6 1-0

[Event "16eme open Louviers"]
[Site "?"]
[Date "2013.05.10"]
[Round "5"]
[White "Arinal, Serge"]
[Black "Jolly, Arthur"]
[Result "1-0"]
[WhiteElo "1663"]
[BlackElo "1440"]
[PlyCount "111"]
[EventDate "2012.05.13"]
[SourceDate "2013.05.18"]

1. Nf3 c5 2. c4 Nc6 3. g3 g6 4. Bg2 Bg7 5. Nc3 Nf6 6. O-O O-O 7. d3 d6 8. Ng5
Bd7 9. Nge4 Nxe4 10. Nxe4 Qb6 11. Rb1 Bf5 12. a3 Rad8 13. e3 Bxe4 14. Bxe4 e6
15. b3 d5 16. cxd5 exd5 17. Bg2 Rfe8 18. Qc2 Ne5 19. b4 cxb4 20. Rxb4 Qa6 21.
d4 Nc6 22. Rb1 Bf8 23. Qb3 Na5 24. Qb5 Re6 25. Bd2 Qxb5 26. Rxb5 Nc4 27. Bb4
Nxa3 28. Rxb7 Bxb4 29. Rxb4 Red6 30. Ra4 Nb5 31. Ra5 Rb8 32. Rfa1 Rb7 33. Rb1
a6 34. Rba1 Rbb6 35. Rb1 Nc7 36. Rc1 Rdc6 37. Rac5 Rxc5 38. Rxc5 Rb1+ 39. Bf1
Ne6 40. Rxd5 Rb8 41. Ra5 Ra8 42. Rxa6 Rxa6 43. Bxa6 Kf8 44. Kg2 Ke7 45. Bc4 Ng5
46. f3 f6 47. h4 Ne6 48. Bxe6 Kxe6 49. f4 Kd5 50. Kf3 f5 51. g4 Ke6 52. e4
fxg4+ 53. Kxg4 Kf6 54. d5 Kf7 55. e5 Ke7 56. Kg5 {Suite non lisible} 1-0

[Event "16eme open Louviers"]
[Site "?"]
[Date "2013.05.10"]
[Round "5"]
[White "Blondel, Jean-Michel"]
[Black "Houriez, Philippe"]
[Result "0-1"]
[WhiteElo "1541"]
[BlackElo "1616"]
[PlyCount "97"]
[EventDate "2012.05.13"]
[SourceDate "2013.05.18"]

1. e4 e5 2. Nf3 Nc6 3. Bc4 h6 4. O-O Nf6 5. Re1 Bc5 6. Nxe5 Nxe5 7. d4 Nxc4 8.
dxc5 Ne5 9. Nc3 O-O 10. Bf4 Re8 11. Qd4 Nc6 12. Qd2 a6 13. Rad1 Re6 14. h3 Qe7
15. Bxc7 Qxc5 16. Na4 Qa7 17. Nb6 Ne8 18. Nxa8 Qxa8 19. Bf4 b5 20. c3 Nf6 21.
e5 Nh7 22. h4 Ne7 23. Kf1 Qc6 24. Qd3 Bb7 25. f3 Qd5 26. a3 Qxd3+ 27. Rxd3 Bc6
28. Rd6 Nf5 29. Rxe6 fxe6 30. h5 Kf7 31. Kf2 Ne7 32. Rc1 Bd5 33. Ra1 Bb3 34.
Re1 Nd5 35. Bg3 Nb6 36. Re2 g6 37. hxg6+ Kxg6 38. Rd2 Nd5 39. Rd4 h5 40. Bh2
Ng5 41. f4 Nf7 42. Bg3 Nd8 43. Bh2 Nc6 44. Rd3 Kf5 45. Kf3 Na5 46. Rd2 Nb6 47.
g4+ hxg4+ 48. Kg3 Na4 49. Kh4 0-1

[Event "16eme open Louviers"]
[Site "?"]
[Date "2013.05.10"]
[Round "5"]
[White "Roche, Jan-Francois"]
[Black "Grenet, Dominique"]
[Result "1-0"]
[WhiteElo "1610"]
[BlackElo "1489"]
[PlyCount "65"]
[EventDate "2012.05.13"]
[SourceDate "2013.05.18"]

1. Nf3 Nf6 2. b3 d6 3. Bb2 e5 4. Nc3 Nc6 5. e3 b6 6. Bb5 Bb7 7. d4 exd4 8. Nxd4
Qd7 9. Qf3 d5 10. Nxc6 Bxc6 11. Bxc6 Qxc6 12. O-O-O Rd8 13. Rhe1 Bb4 14. Nxd5
O-O 15. Nxf6+ gxf6 16. Bxf6 Rxd1+ 17. Rxd1 Qxf3 18. gxf3 h6 19. Rg1+ Kh7 20.
Rg7+ Kh8 21. Rg4+ Kh7 22. Rxb4 c5 23. Rg4 Rg8 24. Rxg8 Kxg8 25. Kd2 Kh7 26. Bh4
Kg6 27. Kd3 Kf5 28. e4+ Ke6 29. Bg3 Kd7 30. Kc4 a6 31. Kd5 h5 32. h4 f6 33. a3
1-0

[Event "16eme open Louviers"]
[Site "?"]
[Date "2013.05.10"]
[Round "5"]
[White "Pineau, Patrick"]
[Black "Bonte, Gerard"]
[Result "0-1"]
[WhiteElo "1397"]
[BlackElo "1420"]
[PlyCount "72"]
[EventDate "2012.05.13"]
[SourceDate "2013.05.18"]

1. e4 c5 2. Nf3 Nc6 3. Bb5 Qc7 4. O-O a6 5. Bc4 e6 6. d4 cxd4 7. Nxd4 Nf6 8.
Re1 d6 9. Bg5 Be7 10. Nxc6 bxc6 11. Nd2 O-O 12. Nf1 h6 13. Bxf6 Bxf6 14. c3 Rd8
15. Ng3 d5 16. Bb3 Be5 17. exd5 cxd5 18. Bc2 Bxg3 19. fxg3 Qb6+ 20. Kh1 Qxb2
21. Qd3 g6 22. Reb1 Qa3 23. Rb3 Qf8 24. Rf1 a5 25. a4 Qg7 26. Qf3 Bd7 27. Rb7
Be8 28. Re7 Rdc8 29. c4 Rxc4 30. Bb3 Rc3 31. Qd1 Rc5 32. h4 Rac8 33. Ra7 Qc3
34. Ba2 Qxg3 35. Qd4 Rc1 36. Rg1 Rxg1+ 0-1